000 00474nam a2200193Ia 4500
005 20240823032957.0
008 240823s9999||||xx |||||||||||||| ||und||
020 _a81-203-2650-4
041 _aENGLISH
082 _A515.2433 Q1
100 _aSoman K P et al.
245 0 _aInsight Into Wavelets From Theory to Practice
250 _a3rd
260 _c2011
_b"PHI,New "
_aNew Delhi
500 _aYES
650 _aWave
_bMathematics
942 _cBK
999 _c194715
_d194715